Symbols and Artifacts : Views of the Corporate Landscape
Αποθηκεύτηκε σε:
| Άλλοι συγγραφείς: | |
|---|---|
| Μορφή: | Βιβλίο |
| Γλώσσα: | English |
| Δημοσίευση: |
Berlin :
Walter de Gruyter,
1990.
|
| Σειρά: | De Gruyter studies in organization ;
24 |
| Θέματα: | |
| Ετικέτες: |
Προσθήκη ετικέτας
Δεν υπάρχουν, Καταχωρήστε ετικέτα πρώτοι!
|
MARC
| LEADER | 00000cam a2200000 i 4500 | ||
|---|---|---|---|
| 001 | 1/57782 | ||
| 008 | 941103s1990 gw ||| | eng|| | ||
| 020 | |a 3110120127 | ||
| 020 | |a 0899255698 | ||
| 035 | |a 1993 |c ΤΣΙΒΑΚΟΥ |l 10045795 | ||
| 040 | |a GR-MyUA |b gre |e AACR2 | ||
| 041 | 0 | |a eng | |
| 082 | 0 | |a 302.35 | |
| 245 | 1 | 0 | |a Symbols and Artifacts : |b Views of the Corporate Landscape / |c Editor Pasquale Gagliardi. |
| 260 | |a Berlin : |b Walter de Gruyter, |c 1990. | ||
| 300 | |a 428 σ. ; |c 24 εκ. | ||
| 490 | 1 | |a (De Gruyter studies in organization |v ; 24) | |
| 504 | |a Περιέχει βιβλιογραφικές αναφορές. | ||
| 650 | 0 | 0 | |a Corporate culture. |
| 650 | 0 | 0 | |a Signs and symbols. |
| 700 | 1 | |a Gagliardi, Pasquale |d 1936- |e edt | |
| 830 | 0 | |a De Gruyter studies in organization ; |v 24 | |
| 852 | |a INST |b SAMOS |e 19941103 |h 302.35 SYM |p 005300002629 |q 005300002629 |t BK |y 0 | ||
| 909 | |a Σ |b 032228 | ||